000 00576nam a2200229Ia 4500
003 OSt
005 20220924132613.0
006 a|||||r|||| 00| 0
007 ta
008 220923b |||||||| |||| 00| 0 san d
024 _a73740
037 _cTextual
040 _aARTS
_cARTS
_bsan
041 _2san
_asan
082 _aR631x3:1, 15J6
100 _aKapila
_910962
245 0 _aSamkhya darsanam with the comm of Prabhu Dayal
260 _c1956
650 _aYOGA
_92333
942 _hR631x3:1, 15J6
_cTEXL
_2CC
999 _c430795
_d430795